[Event "Irish Championship 2013"]
[Site "Limerick IRL"]
[Date "2013.07.09"]
[Round "4.4"]
[White "Walsh, Paul"]
[Black "O'Cinneide, Mel"]
[Result "0-1"]
[WhiteElo "2118"]
[BlackElo "2225"]
[WhiteICU "2017"]
[BlackICU "2171"]
[WhiteClub "Sarsfield"]
[BlackClub "Rathmines"]
[WhiteNationality "IRL"]
[BlackNationality "IRL"]
[WhiteFideId "2501260"]
[BlackFideId "2500620"]
[WhiteICUId "3820"]
[BlackICUId "720"]
[PlyCount "130"]
[EventDate "2013.07.06"]
[Source "Live boards"]
[BlackFullName "&Oacute; Cinn&eacute;ide, Mel"]

{ Event information: <a
href="https://www.irlchess.com/irlch2013_allfiles/pairings_irlch2013.html">Tournament
report</a>. }

1. e4 e6 2. d4 d5 3. Nc3 Bb4 4. Ne2 Nc6 5. e5 Nge7 6. a3 Ba5 7. b4 Bb6 8.
Na4 Nf5 9. c3 Bd7 10. g3 f6 11. exf6 Qxf6 12. Nxb6 axb6 13. Bg2 O-O 14. O-O
Nce7 15. Bf4 Ba4 16. Qd2 Nd6 17. Be5 Qf5 18. Bxd6 cxd6 19. Nf4 Qf7 20. Rfe1
Bd7 21. h4 Nf5 22. h5 Rae8 23. a4 Qf6 24. a5 bxa5 25. Rxa5 Qg5 26. Qd3 Qf6
27. Ra7 Bc8 28. Ra2 Kh8 29. Ra8 Bd7 30. Ra7 Bc8 31. Ra8 Re7 32. Bh3 Nh6 33.
Re3 Ree8 34. Rxc8 Rxc8 35. Rxe6 Qd8 36. Rxh6 gxh6 37. Bxc8 Qxc8 38. Nxd5
Qg4 39. c4 Qxh5 40. Qe3 Re8 41. Qc3 Qf5 42. Ne3 Qf6 43. c5 Rf8 44. Qd2 h5
45. Ng2 dxc5 46. bxc5 Rd8 47. d5 Qa1+ 48. Kh2 Qe5 49. Qf4 Qxd5 50. Qf6+ Kg8
51. Nf4 Qd4 52. Qg5+ Kh8 53. Nxh5 Qxf2+ 54. Kh3 Qf1+ 55. Kh2 Qe2+ 56. Kh3
Qe6+ 57. Kh2 Rg8 58. Qf4 Qe2+ 59. Kg1 Qe1+ 60. Kh2 Qc3 61. Kh3 Re8 62. Qf7
Qe5 63. Kh2 Qe2+ 64. Kg1 Qe7 65. Qf4 Qxc5+ 0-1

[Event "Irish Championship 2013"]
[Site "Limerick IRL"]
[Date "2013.07.09"]
[Round "4.5"]
[White "MacElligott, Gerard"]
[Black "O'Connor, Jonathan"]
[Result "1/2-1/2"]
[WhiteTitle "CM"]
[WhiteElo "2050"]
[BlackElo "2149"]
[WhiteICU "1908"]
[BlackICU "2140"]
[WhiteClub "Elm Mount"]
[BlackClub "Dublin"]
[WhiteNationality "IRL"]
[BlackNationality "IRL"]
[WhiteFideId "2500647"]
[BlackFideId "2501112"]
[WhiteICUId "1078"]
[BlackICUId "1243"]
[PlyCount "114"]
[EventDate "2013.07.06"]
[Source "Live boards"]

{ Event information: <a
href="https://www.irlchess.com/irlch2013_allfiles/pairings_irlch2013.html">Tournament
report</a>. }

1. d4 Nf6 2. c4 c5 3. d5 b5 4. cxb5 a6 5. bxa6 g6 6. Nc3 Bxa6 7. e4 Bxf1 8.
Kxf1 d6 9. Nf3 Bg7 10. g3 O-O 11. Kg2 Nbd7 12. a4 Qa5 13. Bd2 Qb4 14. Qe2
Nb6 15. b3 Ng4 16. Rhc1 Bxc3 17. Rxc3 Nd7 18. h3 Nge5 19. Nxe5 Nxe5 20. f4
Nd7 21. Rb1 Rfb8 22. Rc4 Qb7 23. a5 e6 24. dxe6 fxe6 25. Kh2 Re8 26. Qg2 d5
27. e5 Qb5 28. Rcc1 Rab8 29. Qf1 Qxf1 30. Rxf1 Rb5 31. Rf3 Reb8 32. Kg2 c4
33. b4 Rxa5 34. Rc1 Ra2 35. Rf2 Rb7 36. Bc3 Ra3 37. Rd2 Nb8 38. Kf2 Rb3 39.
Ra2 Nc6 40. Ra6 Rc7 41. Rb6 Kf7 42. g4 Ke7 43. Be1 Rb2+ 44. Ke3 d4+ 45. Kf3
d3 46. Bh4+ Kd7 47. Rxc4 Nxe5+ 48. fxe5 Rxc4 49. Rd6+ Kc7 50. Rxd3 Rbxb4
51. Bg5 Rd4 52. Ra3 Ra4 53. Rc3+ Rac4 54. Ra3 Kb6 55. Be3 Kc6 56. Bxd4 Rxd4
57. Ra6+ Kd5 1/2-1/2

[Event "Irish Championship 2013"]
[Site "Limerick IRL"]
[Date "2013.07.09"]
[Round "4.6"]
[White "Quinn, Ciaran"]
[Black "Hughes, John L."]
[Result "1/2-1/2"]
[WhiteElo "2098"]
[BlackElo "2046"]
[WhiteICU "2031"]
[WhiteClub "Elm Mount"]
[WhiteNationality "IRL"]
[BlackNationality "IRL"]
[WhiteFideId "2500817"]
[BlackFideId "2046105"]
[WhiteICUId "1398"]
[PlyCount "103"]
[EventDate "2013.07.06"]
[Source "Live boards"]
[WhiteFullName "Quinn, Ciar&aacute;n"]

{ Event information: <a
href="https://www.irlchess.com/irlch2013_allfiles/pairings_irlch2013.html">Tournament
report</a>. }

1. d4 d5 2. c4 e6 3. Nc3 c5 4. cxd5 exd5 5. dxc5 d4 6. Na4 b5 7. cxb6 axb6
8. b3 Nf6 9. Nf3 Nc6 10. e3 b5 11. Bxb5 Qa5+ 12. Nc3 Bd7 13. Nxd4 Nd5 14.
Nxc6 Qxc3+ 15. Bd2 Qc5 16. a4 Nc3 17. b4 Qd5 18. Bxc3 Qxg2 19. Rf1 Bxc6 20.
Qd4 Bxb5 21. Qe5+ Be7 22. Qxb5+ Kf8 23. Rd1 Rc8 24. Bd4 Qxh2 25. Qb7 Rb8
26. Bxg7+ Kxg7 27. Qxe7 Rhe8 28. Qg5+ Kh8 29. Rg1 Qe5 30. Qxe5+ Rxe5 31. b5
Ra8 32. Rd4 $2 Rxb5 33. axb5 Ra1+ 34. Ke2 Rxg1 35. b6 $4 (35. Rb4 $18)
35... Rb1 36. Rd6 Kg7 37. Kf3 h5 38. Kg3 Rb4 39. f3 h4+ 40. Kg2 Rb2+ 41.
Kh3 Rb3 42. Rd4 Rxb6 43. Rf4 Kg6 44. e4 Rb1 45. Rg4+ Kf6 46. Kxh4 Ke6 47.
Kg5 Ke5 48. Rg2 Rb8 49. Kg4 Rg8+ 50. Kh3 Rxg2 51. Kxg2 f5 52. exf5 1/2-1/2

[Event "Irish Championship 2013"]
[Site "Limerick IRL"]
[Date "2013.07.09"]
[Round "4.7"]
[White "Crichton, Martin"]
[Black "Short, Philip"]
[Result "0-1"]
[BlackTitle "FM"]
[WhiteElo "1965"]
[BlackElo "2260"]
[WhiteClub "Greenford ENG"]
[WhiteNationality "IRL"]
[BlackNationality "IRL"]
[WhiteFideId "2500973"]
[BlackFideId "2500086"]
[WhiteICUId "268"]
[BlackICUId "1557"]
[PlyCount "66"]
[EventDate "2013.07.06"]
[Source "Live boards"]

{ Event information: <a
href="https://www.irlchess.com/irlch2013_allfiles/pairings_irlch2013.html">Tournament
report</a>. }

1. e4 g6 2. d4 Bg7 3. Nc3 d6 4. Be3 a6 5. Qd2 b5 6. Nf3 Bb7 7. a3 Nf6 8.
Bh6 O-O 9. Bxg7 Kxg7 10. Bd3 c5 11. e5 Nfd7 12. h4 Bxf3 13. h5 Rh8 14. gxf3
cxd4 15. h6+ Kf8 16. Ne4 Nxe5 17. O-O-O Nbc6 18. f4 Nxd3+ 19. Qxd3 Qd7 20.
Ng3 e5 21. fxe5 dxe5 22. f4 exf4 23. Ne4 Qf5 24. Rdf1 Re8 25. Re1 Rd8 26.
Qd2 g5 27. Qg2 g4 28. Qh2 Ne5 29. Qh4 Rc8 30. Rh2 Nf3 31. Nd6 Nxh4 32. Nxf5
Nxf5 33. Re5 Ne3 0-1

[Event "Irish Championship 2013"]
[Site "Limerick IRL"]
[Date "2013.07.09"]
[Round "4.8"]
[White "Fox, Anthony"]
[Black "Freeman, Gordon"]
[Result "1/2-1/2"]
[WhiteElo "2093"]
[BlackElo "2047"]
[WhiteICU "2027"]
[BlackICU "2023"]
[WhiteClub "Dun Laoghaire"]
[BlackClub "Gonzaga"]
[WhiteNationality "IRL"]
[BlackNationality "IRL"]
[WhiteFideId "2500736"]
[BlackFideId "2501309"]
[WhiteICUId "456"]
[BlackICUId "4153"]
[PlyCount "100"]
[EventDate "2013.07.06"]
[Source "Live boards"]

{ Event information: <a
href="https://www.irlchess.com/irlch2013_allfiles/pairings_irlch2013.html">Tournament
report</a>. }

1. e4 g6 2. d4 Bg7 3. Nf3 d6 4. Nc3 Nf6 5. Be2 O-O 6. O-O c6 7. a4 a5 8. h3
Na6 9. Be3 Nb4 10. Qd2 d5 11. e5 Ne8 12. Nd1 Bf5 13. Ne1 c5 14. c3 cxd4 15.
Bxd4 Nc6 16. g4 Be6 17. f4 Nxd4 18. cxd4 Qb6 19. Ne3 f5 20. g5 Nc7 21. Nf3
Bd7 22. Rfc1 Bc6 23. Kf2 Ne6 24. Nd1 h6 25. h4 hxg5 26. hxg5 Kf7 27. Nc3
Rh8 28. Rh1 Qb4 29. Rxh8 Rxh8 30. Kg3 Bf8 31. Bb5 Ng7 32. Bxc6 bxc6 33. Ne2
e6 34. Qxb4 Bxb4 35. Rc1 Nh5+ 36. Kf2 Rc8 37. Ke3 c5 38. dxc5 Rxc5 39. Rxc5
Bxc5+ 40. Kd3 Bf2 41. Nfd4 Be1 42. Nc2 Bf2 43. b4 axb4 44. Nxb4 Ke7 45.
Nc6+ Kd7 46. Ncd4 Be1 47. Nb3 Bb4 48. Nbd4 Be1 49. Nb3 Bb4 50. Nbd4 Be1
1/2-1/2

[Event "Irish Championship 2013"]
[Site "Limerick IRL"]
[Date "2013.07.09"]
[Round "4.9"]
[White "O'Rourke, Ray"]
[Black "Twomey, Pat"]
[Result "1-0"]
[WhiteElo "2023"]
[BlackElo "1875"]
[WhiteICU "1907"]
[BlackICU "1677"]
[WhiteClub "Bray/Greystones"]
[BlackClub "C.C.Y.M.S."]
[WhiteNationality "IRL"]
[BlackNationality "IRL"]
[WhiteFideId "2501023"]
[BlackFideId "2501937"]
[WhiteICUId "1321"]
[BlackICUId "1637"]
[PlyCount "107"]
[EventDate "2013.07.06"]
[Source "Tournament web site"]

{ Event information: <a
href="https://www.irlchess.com/irlch2013_allfiles/pairings_irlch2013.html">Tournament
report</a>. }

1. e4 c5 2. Nf3 Nc6 3. d4 cxd4 4. Nxd4 g6 5. Be3 Bg7 6. Nc3 Nf6 7. Be2 O-O
8. O-O d5 9. exd5 Nb4 10. d6 Qxd6 11. Ncb5 Qb8 12. c4 a6 13. Nc3 e5 14. Nb3
Bf5 15. Bb6 Nd7 16. Ba5 Nc6 17. Nd5 b6 18. Bc3 Rd8 19. Bg4 Bxg4 20. Qxg4
Nf6 21. Nxf6+ Bxf6 22. Qf3 Qd6 23. Rad1 Qe6 24. c5 Nd4 25. Bxd4 exd4 26.
Nxd4 Bxd4 27. Rxd4 bxc5 28. Ra4 Qd5 29. Qxd5 Rxd5 30. Rc1 Rd2 31. b3 Re8
32. Rxa6 Ree2 33. Rf1 Rxa2 34. Rxa2 Rxa2 35. Rb1 Kf8 36. Kf1 Ke7 37. Rd1
Ke6 38. Rd3 f5 39. g3 Ke5 40. Kg2 Rb2 41. Kf3 g5 42. Ke3 f4+ 43. gxf4+
gxf4+ 44. Kf3 h5 45. Rc3 Kd5 46. h4 Rd2 47. Kxf4 Rxf2+ 48. Kg5 Rb2 49. Kxh5
Kd4 50. Rc4+ Kd5 51. Rc3 Kd4 52. Rg3 Rc2 53. Kg6 Ke4 54. h5 { "Game
finished on move 75. Subsequent moves are illegible." } 1-0

[Event "Irish Championship 2013"]
[Site "Limerick IRL"]
[Date "2013.07.09"]
[Round "4.10"]
[White "Cormican, John"]
[Black "O'Grady, Martin"]
[Result "1-0"]
[WhiteElo "1965"]
[BlackElo "1903"]
[WhiteICU "1803"]
[BlackICU "1806"]
[WhiteClub "Galway"]
[BlackClub "Sarsfield"]
[WhiteNationality "IRL"]
[BlackNationality "IRL"]
[WhiteFideId "2506220"]
[BlackFideId "2505568"]
[WhiteICUId "6523"]
[BlackICUId "1276"]
[PlyCount "55"]
[EventDate "2013.07.06"]
[Source "Tournament web site"]

{ Event information: <a
href="https://www.irlchess.com/irlch2013_allfiles/pairings_irlch2013.html">Tournament
report</a>. }

1. e4 c6 2. d4 d5 3. exd5 cxd5 4. c4 Nf6 5. Nc3 e6 6. Bg5 Bb4 7. c5 Bxc3+
8. bxc3 Qa5 9. Qc2 Ne4 10. Bd2 b6 11. cxb6 axb6 12. Bd3 Nxd2 13. Kxd2 Nc6
14. Nf3 Ba6 15. Rhb1 Ke7 16. Rb2 h6 17. Rab1 Rhb8 18. Bxa6 Qxa6 19. Qh7 Na5
20. Ne5 Nc4+ 21. Nxc4 Qxc4 22. Qxg7 Rg8 23. Qxh6 Rxg2 24. Qh4+ f6 25. Rxb6
Rxa2+ 26. R1b2 Rxb2+ 27. Rxb2 Qc7 28. Rb7 1-0

[Event "Irish Championship 2013"]
[Site "Limerick IRL"]
[Date "2013.07.10"]
[Round "5.1"]
[White "Quinn, Rory"]
[Black "Fitzsimons, David"]
[Result "0-1"]
[BlackTitle "FM"]
[WhiteElo "2101"]
[BlackElo "2331"]
[WhiteICU "2071"]
[BlackICU "2312"]
[WhiteClub "Ennis"]
[BlackClub "Elm Mount"]
[WhiteNationality "IRL"]
[BlackNationality "IRL"]
[WhiteFideId "2501643"]
[BlackFideId "2501961"]
[WhiteICUId "1405"]
[BlackICUId "6236"]
[PlyCount "82"]
[EventDate "2013.07.06"]
[Source "Live boards"]

{ Event information: <a
href="https://www.irlchess.com/irlch2013_allfiles/pairings_irlch2013.html">Tournament
report</a>. }

1. e4 e5 2. Nf3 Nc6 3. Bb5 a6 4. Ba4 Nf6 5. O-O Be7 6. Re1 b5 7. Bb3 O-O 8.
c3 d6 9. h3 a5 10. d4 a4 11. Bc2 Bd7 12. Nbd2 Re8 13. d5 Na5 14. b4 axb3
15. axb3 c6 16. c4 Qb6 17. c5 Qc7 18. cxd6 Bxd6 19. Nf1 Nb7 20. Rxa8 Rxa8
21. Bb2 Nc5 22. Qb1 Re8 23. Ne3 Bc8 24. Rd1 Bb7 25. Nh4 g6 26. Nf3 Qe7 27.
Bc3 Ncd7 28. Rd2 cxd5 29. exd5 Nb6 30. Qd1 Qc7 31. Bb2 Qc5 32. Bb1 Nbxd5
33. Nxd5 Bxd5 34. Ng5 Bf8 35. Re2 Bh6 36. h4 Nd7 37. Be4 Nb6 38. Bxd5 Qxd5
39. Qxd5 Nxd5 40. Rxe5 Rxe5 41. Bxe5 f6 0-1

[Event "Irish Championship 2013"]
[Site "Limerick IRL"]
[Date "2013.07.10"]
[Round "5.2"]
[White "Daly, Colm"]
[Black "O'Cinneide, Mel"]
[Result "1/2-1/2"]
[WhiteTitle "FM"]
[WhiteElo "2339"]
[BlackElo "2225"]
[WhiteICU "2298"]
[BlackICU "2171"]
[WhiteClub "Bray/Greystones"]
[BlackClub "Rathmines"]
[WhiteNationality "IRL"]
[BlackNationality "IRL"]
[WhiteFideId "2500434"]
[BlackFideId "2500620"]
[WhiteICUId "295"]
[BlackICUId "720"]
[PlyCount "103"]
[EventDate "2013.07.06"]
[Source "Live boards"]
[BlackFullName "&Oacute; Cinn&eacute;ide, Mel"]

{ Event information: <a
href="https://www.irlchess.com/irlch2013_allfiles/pairings_irlch2013.html">Tournament
report</a>. }

1. e4 e6 2. d4 d5 3. Nc3 Bb4 4. e5 c5 5. a3 Bxc3+ 6. bxc3 Ne7 7. Nf3 b6 8.
Bb5+ Bd7 9. Bd3 Ba4 10. h4 Nbc6 11. h5 c4 12. Bf1 h6 13. g3 Kd7 14. Bh3 Qg8
15. Ra2 Qh7 16. Kf1 Kc7 17. Kg2 Rag8 18. Qe2 a5 19. Bg4 Na7 20. Ne1 Nac6
21. Kf1 Nf5 22. Qf3 Nce7 23. Ke2 Rf8 24. Kd1 g5 25. Qe2 Qg7 26. Nf3 Bd7 27.
Re1 Nc6 28. a4 f6 29. Ba3 Re8 30. exf6 Qxf6 31. Kc1 Nd6 32. Bxd6+ Kxd6 33.
Ne5 Kc7 34. Nxc6 Kxc6 35. f3 Re7 36. Kb2 Rhe8 37. Qe5 Qxe5 38. Rxe5 Kd6 39.
Ra1 Rf7 40. Rae1 Rf6 41. Ka3 Re7 42. Rb1 Kc7 43. Rf1 Kd6 44. Rfe1 Re8 45.
Ra1 Re7 46. Kb2 Ref7 47. Re3 Re7 48. Ka3 Re8 49. Rb1 Kc7 50. Rf1 Kd6 51.
Rfe1 Rg8 52. R1e2 1/2-1/2

[Event "Irish Championship 2013"]
[Site "Limerick IRL"]
[Date "2013.07.10"]
[Round "5.3"]
[White "Short, Philip"]
[Black "Redmond, John P."]
[Result "1/2-1/2"]
[WhiteTitle "FM"]
[WhiteElo "2260"]
[BlackElo "2217"]
[BlackICU "2176"]
[BlackClub "Atticus ENG"]
[WhiteNationality "IRL"]
[BlackNationality "IRL"]
[WhiteFideId "2500086"]
[BlackFideId "2500051"]
[WhiteICUId "1557"]
[BlackICUId "1422"]
[PlyCount "89"]
[EventDate "2013.07.06"]
[Source "Live boards"]

{ Event information: <a
href="https://www.irlchess.com/irlch2013_allfiles/pairings_irlch2013.html">Tournament
report</a>. }

1. d4 e6 2. c4 f5 3. g3 Nf6 4. Bg2 d5 5. Nf3 c6 6. O-O Bd6 7. b3 Qe7 8. a4
a5 9. Ba3 Bxa3 10. Nxa3 O-O 11. Nc2 Nbd7 12. Nce1 b6 13. Nd3 Bb7 14. Rc1
Rfc8 15. e3 Ba6 16. Re1 Rab8 17. Nde5 Nxe5 18. Nxe5 Nd7 19. Nxd7 Qxd7 20.
Qd2 Qd8 21. h3 Kh8 22. Rc2 Qe7 23. Rec1 dxc4 24. bxc4 Qa3 25. Ra2 Qd6 26.
c5 bxc5 27. Rxc5 Rb6 28. Qxa5 Qb8 29. Kh2 Bd3 30. Qd2 Bb1 31. Ra1 Rb2 32.
Qe1 Be4 33. a5 h5 34. h4 g5 35. Bxe4 fxe4 36. Rxg5 Rf8 37. Rxh5+ Kg7 38.
Rg5+ Kh6 39. Qd1 Rfxf2+ 40. Kh3 Rh2+ 41. Kg4 Rhg2 42. Kh3 Rh2+ 43. Kg4 Rhg2
44. Kh3 Rh2+ 45. Kg4 1/2-1/2

[Event "Irish Championship 2013"]
[Site "Limerick IRL"]
[Date "2013.07.10"]
[Round "5.4"]
[White "Hughes, John L."]
[Black "Orr, Mark J. L."]
[Result "0-1"]
[BlackTitle "IM"]
[WhiteElo "2046"]
[BlackElo "2247"]
[BlackICU "2208"]
[BlackClub "Wandering Dragons SCO"]
[WhiteNationality "IRL"]
[BlackNationality "IRL"]
[WhiteFideId "2046105"]
[BlackFideId "2500035"]
[BlackICUId "1350"]
[PlyCount "156"]
[EventDate "2013.07.06"]
[Source "Live boards"]

{ Event information: <a
href="https://www.irlchess.com/irlch2013_allfiles/pairings_irlch2013.html">Tournament
report</a>. }

1. e4 c5 2. Nf3 Nc6 3. Bb5 g6 4. O-O Bg7 5. c3 e5 6. Na3 Nge7 7. Nc4 d6 8.
d4 cxd4 9. cxd4 O-O 10. Be3 Bg4 11. d5 Nd4 12. Bxd4 exd4 13. Ncd2 f5 14. h3
Bxf3 15. Qxf3 Qb6 16. Bd7 Qxb2 17. Nc4 Qc3 18. Be6+ Kh8 19. Nxd6 Qxf3 20.
gxf3 h6 21. Rac1 Be5 22. Nf7+ Rxf7 23. Bxf7 Rf8 24. Be6 fxe4 25. fxe4 g5
26. a4 Kg7 27. a5 Kf6 28. Rb1 Rb8 29. Rb5 Ng6 30. Rfb1 Nf4 31. Rxb7 Rxb7
32. Rxb7 d3 33. Bg4 h5 34. Bd1 Bd4 35. d6 Nxh3+ 36. Kf1 Nxf2 37. Bb3 Nxe4
38. Rf7+ Kg6 39. d7 Nd2+ 40. Ke1 Nxb3 41. Rf8 $4 (41. d8=Q $18 { . } {
Presumably White saw no way the pawn could be stopped. However ... }) 41...
Bc3+ 42. Kd1 Bxa5 43. Rc8 $2 (43. d8=Q Bxd8 44. Rxd8 { should still be
enough to draw. After the move played White is lost. }) 43... h4 44. Rc3
Nd4 45. Rxd3 Ne6 46. Rd6 Kf6 47. Ke2 g4 48. Kf2 Bb6+ 49. Kg2 h3+ 50. Kg3
Bc7 51. d8=Q+ Bxd8 52. Kxg4 h2 53. Rd1 Bb6 54. Kg3 Bg1 55. Kg2 Ke7 56. Ra1
Kd7 57. Rxa7+ Bxa7 58. Kxh2 Kd6 59. Kg3 Ke5 60. Kf3 Kf5 61. Ke2 Ke4 62. Kd2
Bd4 63. Kc2 Nc5 64. Kd2 Kf3 65. Ke1 Nb3 66. Kf1 Nd2+ 67. Ke1 Ke3 68. Kd1
Kd3 69. Ke1 Bc5 70. Kd1 Bf2 71. Kc1 Nc4 72. Kd1 Nb2+ 73. Kc1 Kc3 74. Kb1
Kb3 75. Kc1 Be3+ 76. Kb1 Nc4 77. Ka1 Bf4 78. Kb1 Na3+ 0-1

[Event "Irish Championship 2013"]
[Site "Limerick IRL"]
[Date "2013.07.10"]
[Round "5.5"]
[White "O'Connor, Jonathan"]
[Black "O'Rourke, Ray"]
[Result "1-0"]
[WhiteElo "2149"]
[BlackElo "2023"]
[WhiteICU "2140"]
[BlackICU "1907"]
[WhiteClub "Dublin"]
[BlackClub "Bray/Greystones"]
[WhiteNationality "IRL"]
[BlackNationality "IRL"]
[WhiteFideId "2501112"]
[BlackFideId "2501023"]
[WhiteICUId "1243"]
[BlackICUId "1321"]
[PlyCount "61"]
[EventDate "2013.07.06"]
[Source "Live boards"]

{ Event information: <a
href="https://www.irlchess.com/irlch2013_allfiles/pairings_irlch2013.html">Tournament
report</a>. }

1. d4 Nf6 2. c4 g6 3. Nc3 Bg7 4. e4 d6 5. f3 O-O 6. Be3 e5 7. Nge2 Nc6 8.
d5 Ne7 9. g4 c6 10. Qd2 cxd5 11. cxd5 a6 12. Ng3 b5 13. h4 Bxg4 14. fxg4
Nxg4 15. Be2 Nxe3 16. Qxe3 f5 17. exf5 gxf5 18. Nh5 Rf7 19. Nxg7 Rxg7 20.
h5 f4 21. Qh3 Rc8 22. Qe6+ Kh8 23. Qf6 Kg8 24. Bg4 Qf8 25. Be6+ Kh8 26.
Qxf8+ Rxf8 27. Ne4 Rg2 28. O-O-O Rd8 29. Rd2 Rxd2 30. Kxd2 h6 31. Rc1 1-0

[Event "Irish Championship 2013"]
[Site "Limerick IRL"]
[Date "2013.07.10"]
[Round "5.7"]
[White "Freeman, Gordon"]
[Black "Cormican, John"]
[Result "0-1"]
[WhiteElo "2047"]
[BlackElo "1965"]
[WhiteICU "2023"]
[BlackICU "1803"]
[WhiteClub "Gonzaga"]
[BlackClub "Galway"]
[WhiteNationality "IRL"]
[BlackNationality "IRL"]
[WhiteFideId "2501309"]
[BlackFideId "2506220"]
[WhiteICUId "4153"]
[BlackICUId "6523"]
[PlyCount "88"]
[EventDate "2013.07.06"]
[Source "Live boards"]

{ Event information: <a
href="https://www.irlchess.com/irlch2013_allfiles/pairings_irlch2013.html">Tournament
report</a>. }

1. e4 c5 2. Nc3 g6 3. g3 Bg7 4. Bg2 Nc6 5. d3 h5 6. Be3 d6 7. f4 Nh6 8. h3
b5 9. Nxb5 Bxb2 10. Rb1 Qa5+ 11. Qd2 Qxa2 12. Rxb2 Qxb2 13. Nc7+ Kd7 14.
Nxa8 Bb7 15. f5 Nd4 16. c3 Qxd2+ 17. Kxd2 Ndxf5 18. exf5 Bxg2 19. Rh2 Bxa8
20. fxg6 fxg6 21. Bxh6 Rxh6 22. Ke3 Bb7 23. Ra2 a6 24. Kf4 Rh8 25. Kg5 Rf8
26. Ne2 Rf2 27. Kxg6 Bd5 28. c4 Bf3 29. Nc3 Rxa2 30. Nxa2 Be2 31. Nc1 Bd1
32. Kf5 e6+ 33. Kf4 a5 34. g4 hxg4 35. hxg4 a4 36. g5 Bh5 37. Ke3 e5 38.
Na2 Ke6 39. Nc3 a3 40. Kd2 Bg6 41. Kc2 Bh7 42. Kd2 Kf5 43. Kc2 Kxg5 44. Nb5
Bxd3+ 0-1

[Event "Irish Championship 2013"]
[Site "Limerick IRL"]
[Date "2013.07.10"]
[Round "5.8"]
[White "Fox, Anthony"]
[Black "MacElligott, Gerard"]
[Result "0-1"]
[BlackTitle "CM"]
[WhiteElo "2093"]
[BlackElo "2050"]
[WhiteICU "2027"]
[BlackICU "1908"]
[WhiteClub "Dun Laoghaire"]
[BlackClub "Elm Mount"]
[WhiteNationality "IRL"]
[BlackNationality "IRL"]
[WhiteFideId "2500736"]
[BlackFideId "2500647"]
[WhiteICUId "456"]
[BlackICUId "1078"]
[PlyCount "86"]
[EventDate "2013.07.06"]
[Source "ICU games archive, March 3, 2016"]

{ Event information: <a
href="https://www.irlchess.com/irlch2013_allfiles/pairings_irlch2013.html">Tournament
report</a>. }

1. e4 e6 2. d3 c5 3. g3 d5 4. Nd2 Nc6 5. Bg2 Nf6 6. Ngf3 Be7 7. O-O O-O 8.
Re1 b5 9. e5 Nd7 10. h4 a5 11. Nf1 a4 12. a3 f6 13. exf6 Nxf6 14. Ne5 Nxe5
15. Rxe5 Bd6 16. Re1 Ra7 17. Ne3 Raf7 18. Rf1 Kh8 19. Ng4 Nxg4 20. Qxg4 e5
21. Qe2 Bb7 22. Bg5 Qc7 23. c3 h6 24. Bd2 c4 25. d4 e4 26. Rae1 Rf3 27. Qd1
Bc8 28. Re3 Bg4 29. Qe1 Rxe3 30. Bxe3 Bf3 31. Bh3 Qe7 32. Qd2 Qf6 33. Re1
Qg6 34. Kh2 Qh5 35. Kg1 Rf6 36. Bg2 Qg4 37. Rc1 Rg6 38. Kf1 Bxg2+ 39. Kxg2
Qf3+ 40. Kh2 Bxg3+ 41. fxg3 Qxg3+ 42. Kh1 Qh3+ 43. Qh2 Qf3+ 0-1

[Event "Irish Championship 2013"]
[Site "Limerick IRL"]
[Date "2013.07.10"]
[Round "5.9"]
[White "Crichton, Martin"]
[Black "Walsh, Paul"]
[Result "0-1"]
[WhiteElo "1965"]
[BlackElo "2118"]
[BlackICU "2017"]
[WhiteClub "Greenford ENG"]
[BlackClub "Sarsfield"]
[WhiteNationality "IRL"]
[BlackNationality "IRL"]
[WhiteFideId "2500973"]
[BlackFideId "2501260"]
[WhiteICUId "268"]
[BlackICUId "3820"]
[PlyCount "81"]
[EventDate "2013.07.06"]
[Source "Tournament web site"]

{ Event information: <a
href="https://www.irlchess.com/irlch2013_allfiles/pairings_irlch2013.html">Tournament
report</a>. }

1. e4 c5 2. Nc3 e6 3. g3 Nc6 4. Bg2 Nf6 5. d3 Rb8 6. f4 d5 7. e5 Ng8 8. Nf3
Nh6 9. O-O Nf5 10. Qe1 h5 11. Bh3 g6 12. Nd1 Be7 13. c3 b5 14. Bxf5 gxf5
15. h4 d4 16. Qe2 Bb7 17. Nf2 Qd7 18. Bd2 Rd8 19. Rad1 Kf8 20. Kh2 Kg7 21.
b3 dxc3 22. Bxc3 Nd4 23. Nxd4 cxd4 24. Bb2 Qd5 25. Rg1 Rc8 26. Rc1 Kg6 27.
Nh3 Rxc1 28. Bxc1 Rc8 29. Ng5 Bxg5 30. fxg5 Qf3 31. Qxf3 Bxf3 32. g4 fxg4
33. Ba3 Rc2+ 34. Kg3 Kf5 35. Bd6 Rxa2 36. Bc5 Kxe5 37. b4 a6 38. Bb6 Rd2
39. Bc5 Rxd3 40. Re1+ Be4+ 41. Kf2 0-1